000 00592nam a2200181Ia 4500
008 100920s9999 xx 000 0 und d
082 _b40130
_a28 व 910 थ 66
100 _aदेवगिरीकर त्र्यं. र.
245 _aनागभूमि.
260 _bचित्रशाळा प्रकाशन.पुणे2.
_c1966
300 _a53
_bसाधी
365 _b1
520 _aबा.वि.भू.प्र.
630 _aनागभूमि.
650 _aबा.वि.भू.प्र.
730 _aनागभूमि.
942 _cBOOK
999 _c691335
_d691332